Normal view MARC view
  • Incorporated Council of Law Reporting for England and Wales

Entry Corporate Name

Number of records used in: 1

001 - CONTROL NUMBER

  • control field: 4426

003 - CONTROL NUMBER IDENTIFIER

  • control field: OSt

005 - DATE AND TIME OF LATEST TRANSACTION

  • control field: 20190806150233.0

008 - FIXED-LENGTH DATA ELEMENTS

  • fixed length control field: 000000 a

040 ## - CATALOGING SOURCE

  • Original cataloging agency: OSt
  • Transcribing agency: OSt

110 ## - HEADING--CORPORATE NAME

  • Corporate name or jurisdiction name as entry element: Incorporated Council of Law Reporting for England and Wales